01134nam a2200193Ia 4500001001100000003001000011008004100021040002500062041001300087100001600100245003300116250001100149260009200160300001100252500026000263501011400523520026000637650004300897L254-47422IT-CnALBA170116s9999||||xx |||||||||||||| ||und|| aIT-CnALBAcIT-CnALBA aITALIANO aNARGI LIVIO 0aI VISITATORI DEL SANTUARIO.  a1a ed. a MERCOGLIANO, AVELLINbGRAPPONE TIPOGR. c1996 [1° Ed.:1996 - Ed.Ling.Originale: 1996] a77 p.  aPREFAZIONE DI MANZI C. FIDUCIA IN MARIA. ANNO MARIANO A CASTELVETERE. AFFIDAMENTO. SANTUARIO DIOCESANO. VISITA DI ILLUSTRI PERSONAGGI. P. MARIANO. LA MADONNA DELLE GRAZIE. GEMMA PREZIOSISSIMA. TESTIMONIANZE DEI VISITATORI. PENSIERI EDIFICANTI. SEGNO E SIM aSocietà San Paolo EM - Piazza San Paolo, 14 - 12051 ALBA (CN) (non commercial uses only) ® Copyright 2017 aPREFAZIONE DI MANZI C. FIDUCIA IN MARIA. ANNO MARIANO A CASTELVETERE. AFFIDAMENTO. SANTUARIO DIOCESANO. VISITA DI ILLUSTRI PERSONAGGI. P. MARIANO. LA MADONNA DELLE GRAZIE. GEMMA PREZIOSISSIMA. TESTIMONIANZE DEI VISITATORI. PENSIERI EDIFICANTI. SEGNO E SIM aDIREZIONE E AMMINISTR. DELLA PARROCCHI